000 00689nam a2200217 a 4500
005 20250115063759.0
008 020520s1995 mx r 000 0 spa d
020 _a9507013075
035 _aUPN01000117368
049 _aCG
050 4 _aLC191.8 A7
_bM6.2
100 1 _aMorduchowicz, Roxana
_929342
245 1 0 _aDe la actualidad a la escuela :
_bla formación social y democrática /
_cRoxana Morduchowicz.
260 _aBuenos Aires :
_bAique,
_c1995.
300 _a84 p.
440 0 _aTransformación
650 4 _aSOCIOLOGIA DE LA EDUCACION -
_zARGENTINA
_912054
650 4 _aEducación
_xAspectos políticos
_zArgentina
_96981
650 4 _aValores sociales
_94177
905 _aLibro
999 _c89900
_d89900